<?xml version="1.0" encoding="UTF-8"?>
<marc:record xmlns:marc="http://www.loc.gov/MARC21/slim">
   <marc:leader>00000nam a2200000 a 4500</marc:leader>
   <marc:datafield ind1="1" ind2=" " tag="100">
      <marc:subfield code="a">Gerhardt, Sven</marc:subfield>
      <marc:subfield code="4">aut</marc:subfield>
      <marc:subfield code="e">Verfasser/-in</marc:subfield>
   </marc:datafield>
   <marc:datafield ind1=" " ind2=" " tag="653">
      <marc:subfield code="a">Toleranz</marc:subfield>
   </marc:datafield>
   <marc:datafield ind1=" " ind2=" " tag="653">
      <marc:subfield code="a">Vielfalt</marc:subfield>
   </marc:datafield>
   <marc:datafield ind1=" " ind2=" " tag="653">
      <marc:subfield code="a">Mitmachbuch</marc:subfield>
   </marc:datafield>
   <marc:datafield ind1=" " ind2=" " tag="653">
      <marc:subfield code="a">Antolin Klasse-1</marc:subfield>
   </marc:datafield>
   <marc:datafield ind1="0" ind2="0" tag="245">
      <marc:subfield code="a">Anders? Genau richtig!</marc:subfield>
   </marc:datafield>
   <marc:datafield ind1=" " ind2="1" tag="264">
      <marc:subfield code="b">Penguin JUNIOR</marc:subfield>
      <marc:subfield code="c">2023</marc:subfield>
   </marc:datafield>
   <marc:datafield ind1="1" ind2=" " tag="520">
      <marc:subfield code="a">Alle sind anders und alle sind schön!
Schau genau hin: In jedem Bild sind Tiere versteckt, die sich von den anderen unterscheiden. Erst ist es nur ein Elefant, dann sind es zwei Affen und bald schon drei Zebras, die aus der Reihe tanzen. Denn je bunter und vielseitiger die Welt, desto besser. Zum Schluss feiern alle Tiere gemeinsam ein großes Fest.
Ein lustiges Tier-Entdecker-Buch für starke Persönlichkeiten und eine bunte Welt!
• Ab 2 Jahren
• Weckt Fantasie und Kreativität
• Vermittelt Vielfalt und Toleranz
• Fördert soziale Intelligenz</marc:subfield>
   </marc:datafield>
   <marc:datafield ind1=" " ind2=" " tag="020">
      <marc:subfield code="a">9783328301172</marc:subfield>
      <marc:subfield code="9">9783328301172</marc:subfield>
   </marc:datafield>
</marc:record>
